000 00686nam a2200229Ii 4500
003 JO-AjNU
008 230605s9999||||xx |||||||||||||| ||und||
017 _a81/5204
040 _aJO-AjNU
_bara
_erda
_cJO-AjNU
041 _aara
050 1 4 _aQ161.2 .Z3 1982
100 3 _aزيتون، حسن حسين,
_eauthor
_913440
245 0 0 _aطبيعة العلم
250 _aد.ط
264 3 1 _aالقاهرة : د.م، 1982
300 _a109ص
336 _atext
_btxt
_2rdacontent
337 _aunmediated
_bn
_2rdamedia
338 _avolume
_bnc
_2rdacarrier
490 0 _aسلسلة طرق تدريس العلوم الكتاب الاول
650 4 _aعلوم- فلسفة
_913441
999 _aA3347
_c6915
_d6915